| 000 | 01179nam a2200313 i 4500 | ||
|---|---|---|---|
| 003 | EG-GICUC | ||
| 005 | 20260430095232.0 | ||
| 008 | 260430s1979 ua |||fr|||| 00| 0 ara d | ||
| 017 | _a1979/2251 | ||
| 020 | _a9773061671 | ||
| 040 |
_a EG-GICUC _bara _c EG-GICUC _d EG-GICUC _erda |
||
| 082 | 0 | 4 |
_221 _a345.81324 _bس ل . ق |
| 092 | 0 | 4 | _221 |
| 099 | _aLaw1 10 345.81324 س ل . ق 1979 | ||
| 100 | 1 |
_aسليمان محمد الطماوي _eمؤلف. |
|
| 245 | 1 | 2 |
_aالقضاء الاداري قضاء التأديب : _bدراسة مقارنة / _cالدكتور سليمان محمد الطماوي _nالكتاب الثالث. |
| 264 | 1 |
_aالقاهرة : _bدار الفكر العربي، _c1979 |
|
| 300 |
_a751 ؛ صفحة _c24 سم |
||
| 336 |
_2rda content _atext |
||
| 337 |
_2rda media _aComputer |
||
| 338 |
_2rda carrier _aOnline Resource |
||
| 504 | _aيشتمل علي ارجاعات ببليوجرافية | ||
| 546 | _aالنص باللغة العربية | ||
| 650 | 1 | 4 |
_aالمحاكم التاديبية _2qrmak |
| 651 | 1 | _2qrmak | |
| 856 | 4 | 0 | _uhttps://fll.law.cu.edu.eg/fulltext/bks/B07-03988.pdf |
| 905 | _a161 | ||
| 942 |
_2ddc _cBK _e21 _n0 |
||
| 999 |
_c74418 _d74418 |
||